000
00315nam a2200121Ia 4500
008
191014s9999 xx 000 0 und d
082
_a
530.11
_b
SCH
100
_a
Erwin Schrodinger
_9
20262
245
0
_a
Space Time Structure
260
_a
Britain
_b
Cambridge University Press
_c
1960
300
_a
119
942
_c
BK
999
_c
530832
_d
530832